L'Economia de la comarca de Garraf / Jordi Gual i Solé, Anna Ricart i Miret ; pròleg de Francesc Martí i Jusmet
Descripción Física:
X, 415 p. : amb map. ; 24 cm
Colección:
Catalunya comarcal
Materias:
Garraf -- Condicions econòmiques
MARC
| LEADER | 00000nam a2200000Ia 4500 | ||
|---|---|---|---|
| 001 | 1363 | ||
| 008 | 160829s1981 xx 000 0 cat d | ||
| 080 | |a M-1-300 | ||
| 100 | |a Gual i Solés, Jordi |9 35722 | ||
| 245 | |a L'Economia de la comarca de Garraf / Jordi Gual i Solé, Anna Ricart i Miret ; pròleg de Francesc Martí i Jusmet | ||
| 260 | |a Barcelona : |b Caixa d'Estalvis de Catalunya, |c 1981 | ||
| 300 | |a X, 415 p. : |b amb map. ; |c 24 cm | ||
| 490 | |a Catalunya comarcal | ||
| 650 | 0 | |a Garraf |x Condicions econòmiques |9 35723 | |
| 700 | |a Ricart i Miret, Anna |9 35724 | ||
| 700 | 1 | |a Martí i Jusmet, Francesc, |d 1946- |e autor del pròleg |9 33117 | |
| 901 | |a Arxiu | ||
| 942 | |n 1 |2 udc | ||
| 952 | |0 0 |1 0 |4 0 |6 M1300 |7 1 |9 47040 |a Arxiu |b Arxiu |d 2016-12-01 |l 0 |o M-1-300 |p 1363 |r 2016-12-01 00:00:00 |w 2016-12-01 |y ARXIU | ||
| 999 | |c 50833 |d 50833 | ||